000 00425nam a2200157Ia 4500
008 210716s2014 xx 000 0 und d
020 _a9788126515684
041 _aeng
082 _a658.4012 SALG
100 _aSaloner, Garth; Sheparo, Andrea; Podolny, Joel.
245 _aStrategic management.
250 _a1
260 _aNew Delhi
_bWiley India Pvt Ltd
_c2014
300 _axvii,442
650 _aStrategic Management
999 _c209555
_d209555